Macroeconomics. A European Text

Библиографические подробности
Главный автор: Burda M. Michael
Другие авторы: Wyplosz C. Charles
Примечания:Building on the considerable success of previous editions, this fourth edition of Macroeconomics has been further simplified to provide an accessible yet comprehensive analysis of modern macroeconomics within both a European and a global context. Competing theoretical approaches are presented in a clear and balanced manner with continual reference to data and case study examples from the real world. Burda and Wyplosz have produced another excellent textbook that will guide students through challenging and complex issues with enhanced clarity and simplicity. Explanation of the objectives and procedures of the European Central Bank. Streamlined explanations of difficult topics to aid student understanding. Updated references to data and case studies from the real world. New epilogue presenting the evolution of macroeconomics. Excellent learning aids including chapter overviews, key concept summaries, and many new end of chapter exercises
Язык:английский
Опубликовано: New York, Oxford University Press, 2005
Издание:4th ed.
Предметы:
Формат: Книга
Запись в KOHA:https://koha.lib.tpu.ru/cgi-bin/koha/opac-detail.pl?biblionumber=206573

MARC

LEADER 00000nam0a2200000 4500
001 206573
005 20231101225340.0
010 |a 0199264961 
010 |a 978-0-19-926496-4 
035 |a (RuTPU)RU\TPU\book\225198 
090 |a 206573 
100 |a 20120113d2005 k y0engy50 ba 
101 0 |a eng 
102 |a US 
105 |a a z 001zy 
200 1 |a Macroeconomics. A European Text  |f M. Burda, C. Wyplosz 
205 |a 4th ed. 
210 |a New York  |c Oxford University Press  |d 2005 
215 |a 576 p.  |c il. 
320 |a Index: p. 561-576. 
320 |a Glossary: p. 541-560. 
330 |a Building on the considerable success of previous editions, this fourth edition of Macroeconomics has been further simplified to provide an accessible yet comprehensive analysis of modern macroeconomics within both a European and a global context. Competing theoretical approaches are presented in a clear and balanced manner with continual reference to data and case study examples from the real world. Burda and Wyplosz have produced another excellent textbook that will guide students through challenging and complex issues with enhanced clarity and simplicity. Explanation of the objectives and procedures of the European Central Bank. Streamlined explanations of difficult topics to aid student understanding. Updated references to data and case studies from the real world. New epilogue presenting the evolution of macroeconomics. Excellent learning aids including chapter overviews, key concept summaries, and many new end of chapter exercises 
606 1 |a Макроэкономика  |2 stltpush  |3 (RuTPU)RU\TPU\subj\36372  |9 57778 
610 1 |a экономическая теория 
610 1 |a мировая экономика 
610 1 |a макроэкономическая политика 
610 1 |a макроэкономические показатели 
610 1 |a рынок капитала 
610 1 |a рынок труда 
610 1 |a рынок факторов производства 
610 1 |a финансы 
610 1 |a кредит 
610 1 |a экономические циклы 
610 1 |a экономическая нестабильность 
610 1 |a экономическая политика 
610 1 |a денежная система 
610 1 |a английский язык 
686 |a У012.2  |v LBC/SL-A  |2 rubbk 
700 1 |a Burda  |b M.  |g Michael 
701 1 |a Wyplosz  |b C.  |g Charles 
801 1 |a RU  |b 63413507  |c 20120113 
801 2 |a RU  |b 63413507  |c 20150908  |g RCR 
942 |c BK